| 000 | 00452nam a22001577a 4500 | ||
|---|---|---|---|
| 999 |
_c17669 _d17669 |
||
| 003 | OSt | ||
| 005 | 20221129134451.0 | ||
| 008 | 221129b ||||| |||| 00| 0 eng d | ||
| 040 | _c0 | ||
| 100 |
_aLucas, Daxim L. _946915 |
||
| 245 | _aBSP eases bank reserve rules to release more cash into economy / | ||
| 260 |
_aPhilippines; _bPhilippine Daily Inquirer, _cNovember 25, 2019. |
||
| 300 | _apage B4. | ||
| 650 |
_aFinance. _946916 |
||
| 942 |
_2ddc _cPER |
||